000
00287nam a2200121Ia 4500
008
190722s9999 xx 000 0 und d
020
_a
978-81-8487-336-8
100
_a
A.K.Saxena
245
0
_a
Mathematical Physics
260
_a
New Delhi
_b
Narosa
_c
2015
300
_a
530
942
_c
BK
999
_c
1075
_d
1075